00865nam a22002417a 4500003000500000005001700005008004100022010000900063011000900072035000900081040000900090082001600099100002500115245003300140260003900173300001000212490001600222500026500238650003000503650003000533650004400563830001600607CHAP20220329133627.0971013s1990 r 00010 d a8764 a9736 a8971 cCHAP a900.098bB400aBethell, Leslieeed. aHistoria de América Latina aBarceloan :bCrítica,c1990-19 . a16 v. aSerie mayor aLa biblioteca tiene : v.1-4 América Latina Colonial.- v.5-6 De La Indepencencia, a. 1870.- v.7 América Latina : económía y sociedad 1870-1930.- v.8 América Latina : cultura y sociedad, 1830-1930.- v.9 México, América Central y el Caribe 1870-193014aAmerica LatinaxHistoria.14aCivilizaciónxHistoria.14aHistoria económicaxAmérica Latina.0 aSerie mayor